Normal view
MARC view
- Maini, A.K
Entry Personal Name
001 - CONTROL NUMBER
- control field: 62343
003 - CONTROL NUMBER IDENTIFIER
- control field: NUST
005 - DATE AND TIME OF LATEST TRANSACTION
- control field: 20210628202927.0
008 - FIXED-LENGTH DATA ELEMENTS
- fixed length control field: 210628|| aca||aabn | a|a d
040 ## - CATALOGING SOURCE
- Original cataloging agency: NUST
- Transcribing agency: NUST
100 ## - HEADING--PERSONAL NAME
- Personal name: Maini, A.K
670 ## - SOURCE DATA FOUND
- Source citation: Work cat.: (NUST): Maini, A.K, Microwaves and radar, principles and applications, 2006
